[Event "Canadian op U2000"]
[Site "Windsor"]
[Date "2016.07.14"]
[Round "5.28"]
[White "Tanaka, Taira Tyler"]
[Black "Faraji, Jafar"]
[Result "1/2-1/2"]
[WhiteElo "1830"]
[BlackElo "1827"]
[PlyCount "74"]
[EventDate "2016.07.10"]
[EventType "swiss"]
[EventRounds "9"]
[EventCountry "CAN"]
[SourceTitle "EXT 2022"]
[Source "ChessBase"]
[SourceDate "2021.10.06"]
[SourceVersion "1"]
[SourceVersionDate "2021.10.06"]
[SourceQuality "1"]

1. e4 c6 2. d4 d5 3. e5 Bf5 4. g4 Bd7 5. Bd3 e6 6. c3 c5 7. Nf3 Nc6 8. a3 h5 9. g5 g6 10. b4 cxd4 11. cxd4 Nge7 12. Bb2 Nc8 13. Rg1 Rg8 14. Nc3 Nb6 15. Ne2 Ne7 16. Nc3 a6 17. h4 Rc8 18. Nd2 Nf5 19. Bxf5 exf5 20. Qe2 Be6 21. Rd1 Nc4 22. Nxc4 Rxc4 23. f4 b5 24. Kf2 Be7 25. Qd2 Kf8 26. Rc1 Kg7 27. Nd1 Rxc1 28. Bxc1 Qb6 29. Bb2 Ra8 30. Bc3 Qb7 31. Nb2 a5 32. Nd3 a4 33. Rc1 Rc8 34. Nc5 Bxc5 35. dxc5 Qc6 36. Qd4 Rd8 37. Rd1 Rd7 1/2-1/2